My Life with the Saints (Record no. 137802)

MARC details
000 -LEADER
fixed length control field 00509nam a22002057a 4500
003 - CONTROL NUMBER IDENTIFIER
control field OSt
005 - DATE AND TIME OF LATEST TRANSACTION
control field 20260313115820.0
008 - FIXED-LENGTH DATA ELEMENTS--GENERAL INFORMATION
fixed length control field 260313b |||||||| |||| 00| 0 eng d
020 ## - INTERNATIONAL STANDARD BOOK NUMBER
International Standard Book Number 978-0-8294-26441
040 ## - CATALOGING SOURCE
Transcribing agency SBCL
082 ## - DEWEY DECIMAL CLASSIFICATION NUMBER
Classification number 282.092
Item number MAR-M
100 ## - MAIN ENTRY--PERSONAL NAME
Personal name Martin,James
245 ## - TITLE STATEMENT
Title My Life with the Saints
260 ## - PUBLICATION, DISTRIBUTION, ETC.
Place of publication, distribution, etc. Chicago
Name of publisher, distributor, etc. Loyola Press
Date of publication, distribution, etc. 2006
300 ## - PHYSICAL DESCRIPTION
Extent 414 p.
630 ## - SUBJECT ADDED ENTRY--UNIFORM TITLE
General subdivision Religion
650 ## - SUBJECT ADDED ENTRY--TOPICAL TERM
Topical term or geographic name entry element Christian denominations & sects
650 ## - SUBJECT ADDED ENTRY--TOPICAL TERM
Topical term or geographic name entry element Roman Catholic Church
942 ## - ADDED ENTRY ELEMENTS (KOHA)
Koha item type BOOK
Holdings
Withdrawn status Lost status Source of classification or shelving scheme Damaged status Use restrictions Not for loan Home library Current library Date acquired Total Checkouts Full call number Barcode Shelving location Date last seen Cost, replacement price Price effective from Koha item type
    Dewey Decimal Classification   RESTRICTED   SB LIBRARY SB LIBRARY 13/03/2026   282.092 MAR-M CC0334 CATHOLIC COLLECTION 13/03/2026 1475.00 13/03/2026 BOOK

Powered by Koha